000
00315 a2200145 4500
001
61065
020
_a
9788516062552
040
_c
Anchieta - Pituba
240
1
0
_a
Log in to english 3
_l
eng
245
1
0
_a
Log in to english 3
300
_a
136
362
0
_a
2009
650
4
_a
Inglês e inglês antigo
942
_c
BK
999
_c
61065
_d
61065